Statistics for One Tree Hill Charcters

Click here to take the quiz!

General Stats

  • This quiz has been taken 88 times
  • The average score is 35 of 43

Answer Stats

HintAnswer% Correct
Boy who lives with his motherLucas Scott
100%
Half-brother of the aboveNathan Scott
100%
Singer, married to the aboveHaley James Scott
99%
Owner of the Cafe, mother of the first characterKaren Roe
97%
Son of NaleyJames Lucas Scott
97%
Father of the half-brothersDan Scott
97%
Blondie, drives a comet, both of her mothers diedPeyton Sawyer Scott
97%
The drug addicted wifeDeborah Scott
96%
Girl behind the red door, marries a film directorBrooke Davis Baker
96%
Uncle of the half-brothersKeith Scott
96%
Haley's Sister, Girldfriend of ClayQuinn James
91%
Daughter of LeytonSawyer Brooke Scott
90%
Her boyfriend, TV-show hostMarvin McFadden
90%
Her daughterLily Roe Scott
90%
Assistant of Brooke, ModelMillicent Huxtable
87%
Businesspartner of NathanClayton Evans
87%
Boy who has a baby in highschoolJake Jagielski
87%
Singer who speaks of himself in the third personChris Keller
85%
Friend of Lucas' from the River court, plays BasketballSkills Taylor
85%
Red-haired Troublemaker, later marries DanRachel Gatina
84%
Her middle nameBob
84%
Coach of the RavensWhitey Durham
84%
His middle nameEugene
84%
Barowner, boyfriend of Alex and MiaChase Adams
81%
The babyJenny Jagielski
81%
Singer who is discovered by Haley and PeytonMia Catalano
79%
Crazy NannyCarrie
78%
Daughter of NaleyLydia Bob Scott
78%
His middle nameRoyal
78%
Her middle namePenelope
76%
Mother of BrookeVictoria Davis
76%
Her middle nameElizabeth
75%
Lucas' book-editor and ex-fiancéeLindsey Strauss
73%
Teenager who lived with Brooke for a whileSamantha Walker
72%
Actor, ModelAlex Dupré
70%
Boy who is shot at the gas station, plays for Lucas and SkillyQuentin Fields
69%
His ex-wifeSara Evans
69%
Son of BrulianDavis Baker
67%
His roomateJunk Moretti
66%
Biological Mother of PeytonEllie Harp
64%
His other roomateFergie Thompson
63%
The mother of the babyNicki
61%
Son of BrulianJude Baker
58%

Score Distribution

Percentile by Number Answered

Percent of People with Each Score

Your Score History

You have not taken this quiz